Sebastián de la Plaza, Alarife de la Villa de Alcalá de Henares / (Record no. 132534)

MARC details
000 -LEADER
campo de control de longitud fija 00462nam a2200145 4500
001 - NÚMERO DE CONTROL
campo de control 132534
003 - IDENTIFICADOR DE NÚMERO DE CONTROL
campo de control ES-MaACL
007 - CAMPO FIJO DE DESCRIPCIÓN FÍSICA--INFORMACIÓN GENERAL
campo de control de longitud fija t|
008 - DATOS DE LONGITUD FIJA--INFORMACIÓN GENERAL
campo de control de longitud fija 070214s1979 sp r ||||1| spa d
100 1# - ENTRADA PRINCIPAL--NOMBRE DE PERSONA
Nombre de persona Román Pastor, Carmen.
9 (RLIN) 99230
245 10 - MENCIÓN DEL TÍTULO
Título Sebastián de la Plaza, Alarife de la Villa de Alcalá de Henares /
Mención de responsabilidad, etc. Carmen Román Pastor.
260 ## - PUBLICACIÓN, DISTRIBUCIÓN, ETC.
Lugar de publicación, distribución, etc. Madrid :
Nombre del editor, distribuidor, etc. [s.n.],
Fecha de publicación, distribución, etc. 1979 (
Fabricante Musigráf. Arabí)
300 ## - DESCRIPCIÓN FÍSICA
Extensión Universitaria :
Otras características físicas 3.
852 ## - LOCALIZACIÓN
Ubicación ES-MaACL
Número de control de estantería L-422
Sublocalización o colección R.101325
Holdings
Estatus retirado Estado de pérdida Estado de daño No para préstamo Biblioteca de origen Biblioteca actual Ubicación en estantería Fecha de adquisición Fuente de adquisición Total de préstamos Signatura topográfica completa Código de barras Visto por última vez Precio de reemplazo Tipo de ítem Koha
        Biblioteca del Ateneo de Madrid Biblioteca del Ateneo de Madrid Depósito 2 17/01/2008     L-422 1137984 23/02/2023 23/02/2023 Libro impreso